000 01098cam a22003137a 4500
003 CHAP
005 20220329140534.0
008 971013s1981 r 00010 d
010 _a53577
011 _a54549
035 _a58700
040 _cCHAP
090 _aFolleto 9928
100 0 0 _aWestermann, G. E. G.
_9121545
245 1 4 _aThe upper bajocian and lower bathonian (Jurassic) ammonite faunas of Oaxaca, Mexico and west-tethyan affinities
260 _aMéxico, D.F. :
_bUniversidad Nacional Autónoma de México. Instituto de Geología,
_c1981
300 _a63 p.
_b: ilus.
490 0 _aPaleontología mexicana
_v; 46
590 _aBATCH-UPD
_b10
_c20130110
_lUCH01
_h0556
590 _aBATCH-UPD
_b10
_c20130110
_lUCH01
_h2245
590 _aBATCH-UPD
_b10
_c20130410
_lUCH01
_h0237
590 _aBATCH-UPD
_b10
_c20130914
_lUCH01
_h1856
590 _aCONVERSION
_b10
_c20130109
_lUCH01
_h1329
650 1 4 _aPaleontología
_xOaxaca.
_984912
830 0 _aPaleontología mexicana
_v; 46
_984913
901 _aBK
942 _cFOLL
949 _aFolleto 9928
_bBC
_cFOLL
_d-127277
_eTS1
_i58700
_mD
_si
999 _c53577
_d53577